| 000 | 00730nam a2200217 a 4500 | ||
|---|---|---|---|
| 001 | 000006696 | ||
| 003 | OSt | ||
| 005 | 20201218092519.0 | ||
| 008 | 090902s1979 dr c 001 0 spa d | ||
| 040 |
_aDO-SdBNP _bspa _cBNPHU |
||
| 082 |
_axxx _bG767c |
||
| 110 | 1 |
_aRepública Dominicana _bSecretaría de Estado de Agricultura, Centro de Desarrollo Agropecuario, Zona Norte _918652 |
|
| 245 | 1 | 0 |
_aGrasas comestibles : _bun déficit solucionable. |
| 260 |
_aSan Francisco de Macorís : _bSecretaría de Estado de Agricultura, _c1979. |
||
| 300 |
_a128 p. : _bretrs. ; _c24 cm. |
||
| 490 | 1 | _aCenda expone ´79 ; | |
| 590 | _aInventariado, 2020/ YL | ||
| 830 |
_aCenda expone ´79 _977629 |
||
| 910 | _aYLockward | ||
| 942 |
_2ddc _cLBS1 |
||
| 999 |
_c6485 _d6485 |
||